Mal's General Knowledge 35 - Statistics

General Stats
  • This quiz has been taken 78 times
    66 since last reset
  • The average score is 13 of 20
Answer Stats
Hint Answer % Correct
1) Titan is the largest moon of which planet? Saturn
95%
15) What is the meat of a deer called? Venison
89%
7) In Greek mythology, who was the god of the sea? Poseidon
86%
4) Which country owns Madeira, an island off the northwest coast of Africa? Portugal
84%
14) Which organ in the human body produces bile? Liver
81%
16) What is the Roman numeral for 500? D
79%
17) In which country is the state of Chihuahua? Mexico
77%
6) What is America’s “City by the Bay”? San Francisco
75%
19) What is the atomic number of nitrogen? 7
74%
3) Proverbially, what favours the brave? Fortune
72%
9) The River Danube flows into which sea? Black
70%
5) By population, what is Nigeria’s largest city? Lagos
70%
20) In which continent are the Prince Charles Mountains? Antarctica
61%
8) Who wrote the 1831 book The Hunchback of Notre Dame? Victor Hugo
61%
13) In which country is the city of Lodz? Poland
54%
18) Who wrote the poem Ode to a Nightingale? John Keats
37%
12) What is 'hippology' the study of? Horses
33%
10) Agraphia is a total or partial inability to do what? Write
28%
2) What is the monetary unit of Iceland? Krona
21%
11) By what trade name is 'polytetrafluoroethylene' better known? Teflon
18%
No matching quizzes found
Score Distribution
Percent of People with Each Score
Percentile by Number Answered
Your Score History
You have not taken this quiz since the last reset